Los grandes secretos del Lettering: Dibujar letras: Desde el boceto al arte final.
Saved in:
| Hovedforfatter: | |
|---|---|
| Andre forfattere: | , |
| Format: | Bog |
| Udgivet: |
Barcelona, España:
Gustavo Gili,
2017.
|
| Udgivelse: | 1a. edición |
| Fag: | |
| Tags: |
Tilføj Tag
Ingen Tags, Vær først til at tagge denne postø!
|
MARC
| LEADER | 00000nam a22000007a 4500 | ||
|---|---|---|---|
| 003 | CL-VaPUC | ||
| 005 | 20250407202440.0 | ||
| 008 | 250310t2017 ||||| |||| 00| 0 spa d | ||
| 999 | |c 447193 |d 447191 | ||
| 020 | |a 978-84-252-3021-9 | ||
| 040 | |c Pontificia Universidad Católica de Valparaíso | ||
| 082 | |a 686.22 FLO 2017 | ||
| 100 | |9 896505 |a Flor, Martina |e autora | ||
| 245 | |a Los grandes secretos del Lettering: |b Dibujar letras: Desde el boceto al arte final. | ||
| 250 | |a 1a. edición | ||
| 260 | |a Barcelona, España: |b Gustavo Gili, |c 2017. | ||
| 300 | |a 167 páginas: |b ilustraciones. | ||
| 500 | |a c.1-c.5. Instituto Arcos.08-01-2025. | ||
| 583 | |c 20250310 |k Gabriela Rodríguez Cuevas | ||
| 650 | 0 | |9 566219 |a Diseño tipográfico | |
| 650 | 0 | |9 352290 |a Letras |x Técnicas de dibujo | |
| 700 | |9 896506 |a Monzó, Esther. |e traductora | ||
| 700 | |9 896507 |a Rousselot, Ricardo |e prólogo | ||
| 942 | |2 ddc |c BK |n 0 | ||
| 952 | |0 0 |1 0 |2 ddc |4 0 |6 686_220000000000000_FLO_2017 |7 0 |8 A |9 600849 |a BIBINC |b BIBINC |d 2025-03-10 |e Instituto Arcos |i 5665709 |l 1 |m 1 |o 686.22 FLO 2017 |p 5665709 |r 2025-04-04 |s 2025-03-24 |t 1 |w 2025-03-10 |y BK |k IFP | ||
| 952 | |0 0 |1 0 |2 ddc |4 0 |6 686_220000000000000_FLO_2017 |7 0 |8 A |9 600850 |a BIBINC |b BIBINC |d 2025-03-10 |e Instituto Arcos |i 5665710 |o 686.22 FLO 2017 |p 5665710 |r 2025-03-10 |t 2 |w 2025-03-10 |y BK |k IFP | ||
| 952 | |0 0 |1 0 |2 ddc |4 0 |6 686_220000000000000_FLO_2017 |7 0 |8 A |9 600851 |a BIBINC |b BIBINC |d 2025-03-10 |e Instituto Arcos |i 5665711 |o 686.22 FLO 2017 |p 5665711 |r 2025-03-10 |t 3 |w 2025-03-10 |y BK |k IFP | ||
| 952 | |0 0 |1 0 |2 ddc |4 0 |6 686_220000000000000_FLO_2017 |7 0 |8 A |9 600852 |a BIBINC |b BIBINC |d 2025-03-10 |e Instituto Arcos |i 5665712 |o 686.22 FLO 2017 |p 5665712 |r 2025-03-10 |t 4 |w 2025-03-10 |y BK |k IFP | ||
| 952 | |0 0 |1 0 |2 ddc |4 0 |6 686_220000000000000_FLO_2017 |7 0 |8 A |9 601427 |a BIBINC |b BIBINC |d 2025-03-18 |e Instituto Arcos |i 5666361 |o 686.22 FLO 2017 |p 5666361 |r 2025-03-18 |t 5 |w 2025-03-10 |y BK |k IFP | ||